[Event "Gibraltar Masters"]
[Site "Caleta ENG"]
[Date "2011.02.02"]
[Round "9.47"]
[White "Steil-Antoni, Fiona"]
[Black "Gaponenko, Inna"]
[Result "0-1"]
[WhiteTitle "WIM"]
[BlackTitle "IM"]
[WhiteElo "2118"]
[BlackElo "2466"]
[WhiteFideId "4001249"]
[BlackFideId "14101181"]
[EventDate "2011.01.25"]
[EventType "swiss"]

1. e4 c5 2. c3 d5 3. exd5 Qxd5 4. d4 Nc6 5. Nf3 Bg4 6. Be2 cxd4 7. cxd4 e6 8.
O-O Qa5 9. h3 Bh5 10. Nc3 Bb4 11. Bd2 Nge7 12. a3 Bxc3 13. Bxc3 Qc7 14. Ne5 Bxe2
15. Qxe2 O-O 16. Rac1 Rfd8 17. Rfd1 Rac8 18. Nf3 Nf5 19. Qe4 Rd5 20. g4 Nd6 21.
Qf4 Nb5 22. Qxc7 Rxc7 23. a4 Nxc3 24. Rxc3 Rcd7 25. Rdc1 Kf8 26. Ne5 Nxe5 27.
dxe5 Rxe5 28. Rc8+ Ke7 29. R1c7 Re4 30. Rxd7+ Kxd7 31. Rg8 g6 32. Rg7 Ke7 33. b3
Kf8 34. Rxh7 Kg8 35. Rh6 Rb4 36. g5 a5 37. h4 Kg7 38. Kg2 b6 39. f3 Rxb3 40. h5
gxh5 0-1

[Event "Gibraltar Masters"]
[Site "Caleta ENG"]
[Date "2011.02.02"]
[Round "9.48"]
[White "Meskovs, Nikita"]
[Black "Cramling, Pia"]
[Result "1/2-1/2"]
[BlackTitle "GM"]
[WhiteElo "2243"]
[BlackElo "2516"]
[WhiteFideId "11602740"]
[BlackFideId "1700030"]
[EventDate "2011.01.25"]
[EventType "swiss"]

1. d4 d5 2. c4 e6 3. Nc3 c6 4. Nf3 Nf6 5. e3 Nbd7 6. b3 Bd6 7. Bb2 b6 8. Bd3 Bb7
9. O-O O-O 10. Rc1 Qe7 11. Re1 Rac8 12. cxd5 cxd5 13. Nb5 Bb4 14. Re2 a6 15. Na7
Rxc1 16. Qxc1 Nb8 17. Rc2 Bd6 18. Ne5 g6 19. f4 Kg7 20. b4 b5 21. a3 Re8 22.
Nac6 Nxc6 23. Nxc6 Bxc6 24. Rxc6 Ra8 25. Rb6 Qd7 26. Qc6 Qxc6 27. Rxc6 Ne8 28.
Kf2 Kf8 29. g3 f5 30. Ke2 Ke7 31. Rc2 Kd7 32. Bc3 Bb8 33. a4 Nd6 34. Ra2 Ra7 35.
axb5 axb5 36. Rxa7+ Bxa7 37. Kd2 Kc6 38. Ke2 Bb6 39. Kf3 Bd8 40. Be1 Be7 41. Ke2
Kb6 42. Kd1 Kc6 43. Ke2 Kd7 44. Kf3 Ke8 45. Ke2 Kf7 46. Kf3 h6 47. Ke2 Ke8 48.
Kf3 Kd7 49. Ke2 g5 50. Kf3 g4+ 51. Ke2 Kc6 52. Kd1 Nc4 53. Ke2 Kb6 54. Bc3 Ka6
55. Be1 h5 56. Bc3 Nb6 57. Be1 Nc8 58. Kd1 Kb6 59. Kc2 Bf8 60. Kd1 Ne7 61. Kc2
Nc6 62. Kb3 Be7 63. Bf1 Nb8 64. Bd3 Bd8 65. Kc2 Nc6 66. Bf1 Ne7 67. Kd1 Kc6 68.
Bd3 Ng6 69. Ke2 Be7 70. Kd1 h4 71. Ke2 Kb6 72. Kd1 h3 73. Bf1 Bf8 74. Bd3 Ka6
75. Kc2 Ne7 76. Kb3 Kb6 77. Kc2 Nc6 78. Kb3 Bg7 79. Bc3 Nd8 80. Kc2 Nf7 81. Kd1
Bf8 82. Be1 Nd6 83. Ke2 Kc6 84. Kd1 Be7 85. Bb1 Ne8 86. Bd3 Bd6 87. Kc2 Bb8 88.
Kd1 Nf6 89. Kc2 Ne4 90. Bxe4 dxe4 91. Kc3 Kd5 92. Bf2 1/2-1/2

[Event "Gibraltar Masters"]
[Site "Caleta ENG"]
[Date "2011.02.02"]
[Round "9.49"]
[White "El Debs, Felipe de Cresce"]
[Black "Spence, David J"]
[Result "1-0"]
[WhiteTitle "GM"]
[WhiteElo "2499"]
[BlackElo "2231"]
[WhiteFideId "2106981"]
[BlackFideId "407429"]
[EventDate "2011.01.25"]
[EventType "swiss"]

1. Nf3 Nf6 2. c4 e6 3. g3 d5 4. d4 Be7 5. Bg2 dxc4 6. O-O O-O 7. Qc2 a6 8. a4 a5
9. Qxc4 Na6 10. Nc3 Bd7 11. Ne5 c6 12. Rd1 h6 13. e4 Qc8 14. Qe2 Nb4 15. Bf4 b5
16. axb5 cxb5 17. Nxd7 Nxd7 18. Qxb5 e5 19. dxe5 Nc5 20. Nd5 1-0

[Event "Gibraltar Masters"]
[Site "Caleta ENG"]
[Date "2011.02.02"]
[Round "9.50"]
[White "Vogel, Jaap"]
[Black "Sarkar, Justin"]
[Result "1-0"]
[WhiteTitle "FM"]
[BlackTitle "IM"]
[WhiteElo "2207"]
[BlackElo "2418"]
[WhiteFideId "1000764"]
[BlackFideId "2010011"]
[EventDate "2011.01.25"]
[EventType "swiss"]

1. d4 d5 2. Nf3 Nf6 3. c4 e6 4. g3 dxc4 5. Bg2 c6 6. O-O b5 7. a4 Bb7 8. Ne5 Nd5
9. e4 Nb4 10. Nc3 a6 11. Qh5 g6 12. Qf3 f6 13. Ng4 Bg7 14. e5 f5 15. Nf6+ Bxf6
16. exf6 Nd7 17. Bg5 Kf7 18. axb5 axb5 19. Nxb5 Nxf6 20. Rxa8 Bxa8 21. Ra1 Re8
22. Ra7+ Re7 23. Qa3 cxb5 24. Rxa8 Qd6 25. Bd2 Nfd5 26. Bxd5 Qxd5 27. Bxb4 Rb7
28. Ra7 g5 29. Rxb7+ Qxb7 30. Qe3 h6 31. h3 Qa8 32. Qe2 Qd5 33. Qh5+ Kg7 34. Qe2
Kf7 35. Qe3 Qa8 36. Kh2 Qa1 37. Qe2 Qa8 38. Bd6 Qg8 39. Qe5 Qe8 40. d5 Qd7 41.
g4 fxg4 42. hxg4 exd5 43. Qxd5+ Kg6 44. Qe4+ Kg7 45. Be5+ Kf7 46. Kg3 Qd2 47.
Bd4 Qc1 48. Qd5+ Kf8 49. Qd8+ Kf7 50. Qd7+ Kf8 51. Bc5+ Kg8 52. Qe8+ 1-0

[Event "Gibraltar Masters"]
[Site "Caleta ENG"]
[Date "2011.02.02"]
[Round "9.51"]
[White "Urbina Perez, Juan Antonio"]
[Black "Bellin, Robert"]
[Result "1/2-1/2"]
[WhiteTitle "CM"]
[BlackTitle "IM"]
[WhiteElo "2189"]
[BlackElo "2367"]
[WhiteFideId "2217368"]
[BlackFideId "400343"]
[EventDate "2011.01.25"]
[EventType "swiss"]

1. e4 c5 2. Nf3 d6 3. d4 cxd4 4. Nxd4 Nf6 5. Nc3 Nc6 6. Bg5 e6 7. Qd2 a6 8.
O-O-O Bd7 9. f4 Be7 10. Nf3 b5 11. Bxf6 gxf6 12. Kb1 Qb6 13. f5 O-O-O 14. fxe6
fxe6 15. g3 Kb8 16. Bh3 Bc8 17. Rhf1 b4 18. Na4 Qb5 19. b3 d5 20. exd5 Rxd5 21.
Qe3 Rhd8 22. Rxd5 Rxd5 23. Qb6+ Bb7 24. Qxb5 axb5 25. Bxe6 Rh5 26. Nb2 Nd8 27.
Bd7 Kc7 28. Be8 Rf5 29. Nd2 Re5 30. Nd3 Re2 31. Re1 1/2-1/2

[Event "Gibraltar Masters"]
[Site "Caleta ENG"]
[Date "2011.02.02"]
[Round "9.52"]
[White "Cummings, David H."]
[Black "Tscharotschkin, Michael"]
[Result "0-1"]
[WhiteTitle "IM"]
[WhiteElo "2366"]
[BlackElo "2181"]
[WhiteFideId "2603578"]
[BlackFideId "4619510"]
[EventDate "2011.01.25"]
[EventType "swiss"]

1. c4 e5 2. g3 Nc6 3. Nc3 Nf6 4. Bg2 Bb4 5. Nd5 Bc5 6. Nf3 d6 7. d3 h6 8. O-O
O-O 9. e3 a5 10. d4 exd4 11. exd4 Ba7 12. Ne3 Re8 13. h3 Ne4 14. d5 Nb4 15. a3
Na6 16. Qc2 Nxg3 17. fxg3 Bxe3+ 18. Bxe3 Rxe3 19. Qd2 Re7 20. b4 Bf5 21. Nd4 Bg6
22. h4 Qd7 23. h5 Bxh5 24. Nf5 Re5 25. Bh3 Kh7 26. Rf2 Rae8 27. Raf1 Qd8 28.
Nxh6 gxh6 29. Rxf7+ Bxf7 30. Rxf7+ Kg8 31. Qxh6 Re1+ 32. Kh2 R8e2+ 33. Bg2 Kxf7
34. Qh7+ Ke8 35. Qg8+ Kd7 36. Qg4+ Re6 37. dxe6+ Rxe6 38. Bxb7 Qh8+ 39. Kg2 axb4
40. Bxa6 bxa3 41. c5 Ke7 42. cxd6+ cxd6 43. Qg5+ Qf6 44. Qa5 Qb2+ 45. Kh3 Rh6+
46. Kg4 Qd4+ 47. Kf3 Rf6+ 48. Kg2 Qf2+ 49. Kh3 Qf5+ 0-1

[Event "Gibraltar Masters"]
[Site "Caleta ENG"]
[Date "2011.02.02"]
[Round "9.53"]
[White "Jones, Richard S."]
[Black "Arnott, Jonathan W"]
[Result "1-0"]
[WhiteTitle "FM"]
[WhiteElo "2361"]
[BlackElo "2176"]
[WhiteFideId "1800833"]
[BlackFideId "408077"]
[EventDate "2011.01.25"]
[EventType "swiss"]

1. e4 e6 2. d4 d5 3. Nc3 Nf6 4. e5 Nfd7 5. f4 c5 6. Nf3 Nc6 7. Be3 Be7 8. Qd2
O-O 9. Be2 a6 10. O-O b5 11. a3 Qb6 12. Nd1 a5 13. c3 a4 14. Bd3 Na5 15. Qe2 Nc4
16. Bf2 f5 17. Kh1 cxd4 18. Nxd4 Nc5 19. Bc2 Ba6 20. g4 Ne4 21. gxf5 exf5 22.
Nxf5 Qe6 23. Nxe7+ Qxe7 24. Bg3 b4 25. Bxe4 dxe4 26. axb4 Qd7 27. Ne3 Nxe3 28.
Qxe3 Bxf1 29. Rxf1 Qc6 30. Re1 a3 31. bxa3 Rxa3 32. Qxe4 Rxc3 33. Qxc6 Rxc6 34.
Kg2 g6 35. Rd1 Rb6 36. Rd4 Kf7 37. Kf3 Ke6 38. Ke4 Rf5 39. Bh4 h6 40. Bd8 Rb5
41. h4 Rf8 42. Bc7 Kf7 43. Bd6 Ra8 44. Bc5 Rb7 45. Rd6 Ra1 46. e6+ Ke8 47. Ke5
Re1+ 48. Kf6 Re4 49. Kxg6 Rxf4 50. Ra6 Rg4+ 51. Kf5 Rgxb4 52. Bd6 Rb8 53. Bxb8
Rxb8 54. Kf6 Kf8 55. Ra7 Kg8 56. Rg7+ Kh8 57. Rg4 Rb1 58. Re4 Rf1+ 59. Kg6 Rg1+
60. Kxh6 Rg4 61. Re5 Rg8 62. e7 Re8 63. h5 Kg8 64. Kg6 Kh8 65. Kf7 1-0

[Event "Gibraltar Masters"]
[Site "Caleta ENG"]
[Date "2011.02.02"]
[Round "9.54"]
[White "Karavade, Eesha"]
[Black "Becker, Thomas1"]
[Result "1-0"]
[WhiteTitle "IM"]
[WhiteElo "2353"]
[BlackElo "2031"]
[WhiteFideId "5012600"]
[BlackFideId "4624904"]
[EventDate "2011.01.25"]
[EventType "swiss"]

1. d4 Nf6 2. c4 b6 3. f3 g6 4. e4 d6 5. Nc3 Bg7 6. Be3 O-O 7. Bd3 c5 8. d5 e6 9.
Nge2 exd5 10. cxd5 Na6 11. O-O Nc7 12. Qd2 a6 13. a4 Bd7 14. Rab1 b5 15. axb5
axb5 16. b4 c4 17. Bc2 Ra3 18. Rfd1 Qa8 19. Kh1 Re8 20. Bb6 Rc8 21. Rf1 Qa6 22.
Bd4 Re8 23. h3 Qb7 24. Kh2 Qa6 25. f4 Qb7 26. f5 gxf5 27. Ng3 Nxe4 28. Ngxe4
Bxd4 29. Qxd4 fxe4 30. Qf6 1-0

[Event "Gibraltar Masters"]
[Site "Caleta ENG"]
[Date "2011.02.02"]
[Round "9.55"]
[White "Illner, Achim, Dr."]
[Black "Daoudi, Kamal"]
[Result "1-0"]
[WhiteTitle "FM"]
[WhiteElo "2345"]
[BlackElo "2155"]
[WhiteFideId "4615840"]
[BlackFideId "9001069"]
[EventDate "2011.01.25"]
[EventType "swiss"]

1. d4 Nf6 2. Nf3 e6 3. c4 d5 4. g3 Be7 5. Bg2 O-O 6. O-O dxc4 7. Qc2 a6 8. Qxc4
b5 9. Qc2 Bb7 10. Bd2 Ra7 11. Rc1 Be4 12. Qb3 Bd5 13. Qe3 Ng4 14. Qd3 f5 15. Nc3
Bc4 16. Qc2 b4 17. Na4 Bd5 18. Nc5 Nc6 19. Nxe6 Bxe6 20. Qxc6 Bd5 21. Qc2 Qe8
22. h3 Qf7 23. Be1 Be4 24. Qc4 Bd5 25. Qd3 Be4 26. Qb3 Bd5 27. Qa4 Nf6 28. Ne5
Qe6 29. Bxd5 Nxd5 30. Qd7 Qxd7 31. Nxd7 Re8 32. Ne5 Bd6 33. f4 Raa8 34. Rc6 a5
35. Kg2 a4 36. Kf3 g5 37. Rd1 h5 38. fxg5 b3 39. axb3 axb3 40. Rd3 Ra1 41. Kf2
Rb8 42. Nc4 Ne7 43. Nxd6 Nxc6 44. Nxf5 Rc1 45. Bc3 Nb4 46. Bxb4 Rxb4 47. g6 Rb6
48. g4 hxg4 49. hxg4 Ra1 50. Rh3 Ra8 51. e4 Ra2 52. g7 Rxb2+ 53. Ke3 Rg6 1-0

[Event "Gibraltar Masters"]
[Site "Caleta ENG"]
[Date "2011.02.02"]
[Round "9.56"]
[White "Seyfried, Claus"]
[Black "Peek, Marcel"]
[Result "1/2-1/2"]
[BlackTitle "IM"]
[WhiteElo "2173"]
[BlackElo "2342"]
[WhiteFideId "1271085"]
[BlackFideId "1000462"]
[EventDate "2011.01.25"]
[EventType "swiss"]

1. e4 c5 2. c3 Nf6 3. e5 Nd5 4. Nf3 e6 5. Bc4 d6 6. d4 cxd4 7. cxd4 Nc6 8. O-O
Be7 9. Qe2 O-O 10. Re1 Bd7 11. Qe4 Rc8 12. Bd2 Ncb4 13. Na3 b5 14. Bb3 a5 15.
Qg4 g6 16. Bh6 Re8 17. Ng5 a4 18. Bxd5 Nxd5 19. Rad1 f5 20. exf6 Bxf6 21. h4 b4
22. Nb1 Bg7 23. Bxg7 Kxg7 24. h5 Nf6 25. Qf4 h6 26. Ne4 Nxe4 27. Qxe4 Qg5 28. d5
exd5 29. Qxb4 Rxe1+ 30. Rxe1 Rc1 31. Qd4+ Kg8 32. Rxc1 Qxc1+ 33. Kh2 Qxb1 34.
Qxd5+ Kg7 35. Qd4+ Kg8 36. Qd5+ Kg7 37. Qd4+ Kf7 38. Qxd6 Qf5 39. hxg6+ Kg7 40.
b3 axb3 41. axb3 Be6 42. b4 Bd7 43. Kg1 Bb5 44. Kh2 Bd3 45. Kg1 Qb5 46. Qe7+
Kxg6 47. Qe6+ Kg7 48. Qe7+ Kg8 49. Qe6+ Kg7 1/2-1/2

[Event "Gibraltar Masters"]
[Site "Caleta ENG"]
[Date "2011.02.02"]
[Round "9.57"]
[White "Kantans, Toms"]
[Black "Kandic, Milan"]
[Result "1-0"]
[WhiteTitle "FM"]
[WhiteElo "2342"]
[BlackElo "2143"]
[WhiteFideId "11602945"]
[BlackFideId "926752"]
[EventDate "2011.01.25"]
[EventType "swiss"]

1. Nf3 d6 2. d4 Nf6 3. c4 g6 4. Nc3 Bg7 5. e4 O-O 6. h3 Nbd7 7. Bg5 c6 8. Qd2 e5
9. O-O-O Qa5 10. Kb1 Re8 11. d5 cxd5 12. cxd5 a6 13. Ne1 b5 14. f3 Nb6 15. g4
Bd7 16. Bd3 b4 17. Ne2 Bb5 18. Nc1 Bc4 19. Nc2 Rab8 20. Qxb4 Qxb4 21. Nxb4 Na4
22. Bxc4 Rxb4 23. Bb3 Nc5 24. Nd3 Nxd3 25. Rxd3 Rc8 26. Rc1 Rxc1+ 27. Kxc1 Nd7
28. Rc3 Nc5 29. Kc2 Rb7 30. Bc4 Na4 31. Rb3 Rxb3 32. axb3 Nb6 33. Bxa6 f5 34.
gxf5 gxf5 35. Bd8 1-0

[Event "Gibraltar Masters"]
[Site "Caleta ENG"]
[Date "2011.02.02"]
[Round "9.58"]
[White "Zaremba, Andrie"]
[Black "Osuna Vega, Enrique"]
[Result "1-0"]
[WhiteTitle "FM"]
[BlackTitle "CM"]
[WhiteElo "2339"]
[BlackElo "2140"]
[WhiteFideId "2014513"]
[BlackFideId "2219549"]
[EventDate "2011.01.25"]
[EventType "swiss"]

1. d4 e6 2. Nf3 b6 3. g3 Bb7 4. Bg2 f5 5. c4 Nf6 6. O-O Be7 7. Nc3 Ne4 8. Qc2
Nxc3 9. Qxc3 O-O 10. Rd1 d6 11. d5 e5 12. e4 Bc8 13. Re1 a5 14. a3 a4 15. Qc2
Qe8 16. Ng5 Bxg5 17. Bxg5 Qg6 18. f4 fxe4 19. Bxe4 Bf5 20. Bxf5 Qxf5 21. Qxf5
Rxf5 22. g4 Rxg5 23. fxg5 Nd7 24. h4 Rf8 25. Rf1 Rxf1+ 26. Rxf1 g6 27. Rf3 Nc5
28. Kf2 e4 29. Rf6 Nd3+ 30. Ke3 Ne5 31. Kxe4 Nxc4 32. Rf2 b5 33. Rc2 Kf7 34.
Rxc4 bxc4 35. Kd4 Ke7 36. Kxc4 Kd8 37. Kb4 c6 38. dxc6 Kc7 39. Kxa4 Kxc6 40. Kb4 1-0

[Event "Gibraltar Masters"]
[Site "Caleta ENG"]
[Date "2011.02.02"]
[Round "9.59"]
[White "Getz, Nicolai"]
[Black "Tozer, Philip A A"]
[Result "1-0"]
[WhiteTitle "FM"]
[WhiteElo "2334"]
[BlackElo "2140"]
[WhiteFideId "1505572"]
[BlackFideId "419982"]
[EventDate "2011.01.25"]
[EventType "swiss"]

1. e4 e6 2. d4 d5 3. Nc3 Nf6 4. e5 Nfd7 5. f4 c5 6. Nf3 Nc6 7. Be3 cxd4 8. Nxd4
Bc5 9. Qd2 O-O 10. g3 a6 11. Bh3 Nxd4 12. Bxd4 b5 13. Ne2 Bxd4 14. Nxd4 Nc5 15.
O-O Ne4 16. Qe3 Qc7 17. c3 Bb7 18. a4 bxa4 19. Rxa4 Bc6 20. Ra3 Bb5 21. Rfa1 Qb6
22. Re1 g6 23. Nxe6 Qxe3+ 24. Rxe3 Bd7 25. Ng5 Bxh3 26. Nxh3 Rfb8 27. Re2 Rb6
28. c4 Rd8 29. cxd5 Rxd5 30. Rxe4 Rxb2 31. Nf2 Rdd2 32. Rf3 1-0

[Event "Gibraltar Masters"]
[Site "Caleta ENG"]
[Date "2011.02.02"]
[Round "9.60"]
[White "Estrada Nieto, Julian"]
[Black "Collier, David O"]
[Result "1-0"]
[WhiteTitle "IM"]
[WhiteElo "2309"]
[BlackElo "2108"]
[WhiteFideId "5101018"]
[BlackFideId "406422"]
[EventDate "2011.01.25"]
[EventType "swiss"]

1. e4 d6 2. d4 Nf6 3. Nc3 g6 4. Nf3 Bg7 5. Be2 O-O 6. O-O e6 7. Re1 Nc6 8. h3 a6
9. a4 b6 10. Bf4 h6 11. Qd2 Kh7 12. Rad1 Ne7 13. Bd3 Bb7 14. Qe2 d5 15. exd5
Nexd5 16. Nxd5 Nxd5 17. Bd2 Qd6 18. Ne5 Nb4 19. Be4 Bxe4 20. Qxe4 f5 21. Bxb4
Qxb4 22. Qc6 Rad8 23. Qxe6 Rf6 24. Qb3 Qxb3 25. cxb3 Rd5 26. Nf3 Rfd6 27. Rc1 c5
28. dxc5 bxc5 29. Re7 Rb6 30. Rc7 Re6 31. R7xc5 Rxc5 32. Rxc5 Rb6 33. Nd2 Bxb2
34. Nc4 Rxb3 35. Nxb2 Rxb2 36. Rc7+ Kg8 37. Rc6 Kf7 38. Rxa6 Ra2 39. h4 f4 40.
f3 Kg7 41. a5 Ra1+ 42. Kf2 Ra2+ 43. Kf1 Kf7 44. Ra8 g5 45. h5 Kg7 46. a6 Kf7 47.
Ra7+ Kf6 48. Rh7 Kf5 49. Rxh6 g4 50. Rb6 g3 51. h6 Rf2+ 52. Ke1 Rxg2 53. h7 Rh2
54. a7 Rh1+ 55. Ke2 1-0

[Event "Gibraltar Masters"]
[Site "Caleta ENG"]
[Date "2011.02.02"]
[Round "9.61"]
[White "Groffen, Hans"]
[Black "Wahlbom, Magnus"]
[Result "0-1"]
[WhiteElo "2169"]
[BlackElo "2305"]
[WhiteFideId "1004140"]
[BlackFideId "1700685"]
[EventDate "2011.01.25"]
[EventType "swiss"]

1. d4 Nf6 2. c4 e6 3. Nf3 b6 4. g3 Ba6 5. Nbd2 c5 6. e4 cxd4 7. e5 Ng4 8. h3 Nh6
9. Bg2 Bb7 10. O-O f5 11. Nxd4 Bxg2 12. Kxg2 a6 13. Qa4 Qc8 14. N2f3 Nf7 15. Be3
Qb7 16. Kh2 Be7 17. Qb3 O-O 18. a4 Qc7 19. Rfe1 Bc5 20. Qc3 Nxe5 21. Nxe5 Qxe5
22. b4 Be7 23. Bf4 Bxb4 24. Qxb4 Qxd4 25. Rad1 Qxf2+ 26. Kh1 Nc6 27. Qc3 Rf7 28.
Bd6 h6 29. Re3 b5 30. Rf3 Qe2 31. Rc1 Qxc4 32. Qxc4 bxc4 33. Rxc4 e5 34. Rc5 Re8
35. Kg2 Re6 36. Bc7 Nd4 37. Re3 d6 38. Rc4 Rg6 39. Rec3 Ne2 40. Rb3 f4 41. g4 h5
42. Kf2 Nd4 43. gxh5 Re6 44. Rb1 d5 45. Rc5 Rc6 46. Rxc6 Nxc6 47. Bd6 Rd7 48.
Bc5 d4 49. Rb6 d3 50. Ke1 Na5 51. Bb4 Nc4 0-1

[Event "Gibraltar Masters"]
[Site "Caleta ENG"]
[Date "2011.02.02"]
[Round "9.62"]
[White "Malmdin, Nils-Ake"]
[Black "Lipecki, Alexander"]
[Result "1-0"]
[WhiteElo "2272"]
[BlackElo "2126"]
[WhiteFideId "1701584"]
[BlackFideId "1303511"]
[EventDate "2011.01.25"]
[EventType "swiss"]

1. e4 e6 2. d4 d5 3. Nd2 Nc6 4. c3 e5 5. exd5 Qxd5 6. Ngf3 exd4 7. Bc4 Qh5 8.
Qe2+ Nge7 9. O-O Bg4 10. h3 Bxf3 11. Nxf3 O-O-O 12. Nxd4 Qxe2 13. Nxe2 Ne5 14.
Bb3 N7c6 15. f4 Nd3 16. Bxf7 Nxc1 17. Nxc1 Bc5+ 18. Kh1 Rhf8 19. Be6+ Kb8 20.
Nb3 Bd6 21. f5 h5 22. Rad1 Be7 23. g3 b6 24. Kg2 a5 25. a4 Ne5 26. Rd2 Rxd2+ 27.
Nxd2 Nd3 28. Nc4 Bf6 29. Bd5 Re8 30. Bf3 h4 31. Rd1 Nc5 32. Bc6 Re2+ 33. Kf3 Rh2
34. Re1 Nb7 35. Re8+ Nd8 36. Kg4 Ka7 37. Bf3 c6 38. gxh4 b5 39. Kg3 Rc2 40. axb5
cxb5 41. Ne3 Rxb2 42. Nd5 Rd2 43. Nxf6 gxf6 44. Re7+ Kb6 45. h5 a4 46. h6 a3 47.
h7 1-0

[Event "Gibraltar Masters"]
[Site "Caleta ENG"]
[Date "2011.02.02"]
[Round "9.63"]
[White "Oberhofer, Andre"]
[Black "Dasaolu, Adeoye"]
[Result "1-0"]
[WhiteElo "2270"]
[BlackElo "2107"]
[WhiteFideId "24654140"]
[BlackFideId "416061"]
[EventDate "2011.01.25"]
[EventType "swiss"]

1. e4 c5 2. c3 d5 3. exd5 Qxd5 4. d4 Nf6 5. Nf3 Bg4 6. Be2 e6 7. O-O Nc6 8. c4
Qd7 9. dxc5 Qxd1 10. Rxd1 Bxc5 11. Nc3 h6 12. h3 Bf5 13. Bf4 a6 14. a3 Bc2 15.
Re1 Rd8 16. Rac1 Bd3 17. Bxd3 Rxd3 18. Red1 Rxd1+ 19. Rxd1 O-O 20. Kf1 Rc8 21.
b4 Be7 22. Na4 Kf8 23. Ke2 Nxb4 24. axb4 Rxc4 25. Bd2 Bxb4 26. Kd3 Re4 27. Nb6 1-0

[Event "Gibraltar Masters"]
[Site "Caleta ENG"]
[Date "2011.02.02"]
[Round "9.64"]
[White "Sreeves, Clement"]
[Black "Montero Melendez, Rafael"]
[Result "0-1"]
[WhiteElo "2093"]
[BlackElo "2265"]
[WhiteFideId "2402564"]
[BlackFideId "2221772"]
[EventDate "2011.01.25"]
[EventType "swiss"]

1. e4 e5 2. f4 Bc5 3. Nf3 d6 4. Bc4 Nf6 5. d3 Nc6 6. c3 O-O 7. b4 Bb6 8. fxe5
dxe5 9. Qe2 Bg4 10. h3 Bxf3 11. Qxf3 Nd4 12. Qg3 Nc2+ 13. Ke2 Nxa1 14. Bg5 Nh5
15. Qh4 Nf4+ 16. Qxf4 exf4 17. Bxd8 Rfxd8 18. Na3 a5 0-1

[Event "Gibraltar Masters"]
[Site "Caleta ENG"]
[Date "2011.02.02"]
[Round "9.65"]
[White "Spanton, Tim R"]
[Black "Avalos Parra, Joao"]
[Result "0-1"]
[BlackTitle "FM"]
[WhiteElo "2007"]
[BlackElo "2252"]
[WhiteFideId "404802"]
[BlackFideId "3402541"]
[EventDate "2011.01.25"]
[EventType "swiss"]

1. e4 e6 2. d3 d5 3. Nd2 Nf6 4. Ngf3 b6 5. g3 dxe4 6. dxe4 Bc5 7. Bg2 Ba6 8. c4
Qd3 9. Bf1 Qd7 10. Bg2 e5 11. O-O Nc6 12. a3 Bb7 13. b4 Bd4 14. Rb1 Rd8 15. Qc2
O-O 16. Bb2 Bxb2 17. Qxb2 Nd4 18. Rfe1 Rfe8 19. Rbc1 Qe6 20. c5 h6 21. cxb6 cxb6
22. Rc7 Nxf3+ 23. Bxf3 Re7 24. Rxe7 Qxe7 25. Nc4 Rd4 26. Nd2 Nh7 27. Bg2 Qd6 28.
Nf3 Rxe4 29. Rc1 Rc4 30. Rxc4 Qd1+ 31. Ne1 Qxe1+ 32. Bf1 Ng5 0-1

[Event "Gibraltar Masters"]
[Site "Caleta ENG"]
[Date "2011.02.02"]
[Round "9.66"]
[White "Bellon Lopez, Juan Manuel"]
[Black "Winkler, Stefan1"]
[Result "1-0"]
[WhiteTitle "GM"]
[WhiteElo "2404"]
[BlackElo "1867"]
[WhiteFideId "2200031"]
[BlackFideId "4698142"]
[EventDate "2011.01.25"]
[EventType "swiss"]

1. d4 d5 2. Bf4 Nf6 3. e3 Bf5 4. c4 c6 5. Nc3 e6 6. Qb3 Qb6 7. c5 Qxb3 8. axb3
Nbd7 9. b4 Nh5 10. Be5 f6 11. Bc7 Rc8 12. Rxa7 Rxc7 13. Be2 g6 14. g4 Ng7 15.
gxf5 Nxf5 16. b5 cxb5 17. Nxb5 Rc8 18. Rxb7 Be7 19. b4 Nb8 20. Na7 Rd8 21. Nf3
O-O 22. Kd2 Rd7 23. Rxd7 Nxd7 24. Bb5 Nb8 25. Rb1 Bd8 26. Nc6 Nxc6 27. Bxc6 Ne7
28. Bb7 Bc7 29. Ra1 Rb8 30. Ra7 Kf8 31. b5 Ke8 32. b6 Bd8 33. Ne1 h5 34. Nd3 Nc8
35. Bxc8 Rxc8 36. Nb4 Rb8 37. Rh7 Rc8 38. b7 1-0

[Event "Gibraltar Masters"]
[Site "Caleta ENG"]
[Date "2011.02.02"]
[Round "9.67"]
[White "Tabatt, Hendrik"]
[Black "Zanetti, Bruno"]
[Result "1-0"]
[WhiteElo "2342"]
[BlackElo "2017"]
[WhiteFideId "4653572"]
[BlackFideId "1306669"]
[EventDate "2011.01.25"]
[EventType "swiss"]

1. e4 c5 2. Nf3 Nc6 3. Bb5 g6 4. O-O Bg7 5. Re1 e6 6. Bxc6 dxc6 7. e5 b6 8. Nc3
Ba6 9. Ne4 f5 10. exf6 Nxf6 11. Neg5 Bc8 12. Nxe6 Bxe6 13. Rxe6+ Kf8 14. d3 Qd5
15. Qe2 Re8 16. Rxe8+ Nxe8 17. Bg5 Bf6 18. Re1 Kg7 19. Bxf6+ Nxf6 20. Qe7+ Qf7
21. Ng5 1-0

[Event "Gibraltar Masters"]
[Site "Caleta ENG"]
[Date "2011.02.02"]
[Round "9.68"]
[White "McKenna, Jason P"]
[Black "Nikolaidis, Konstantinos"]
[Result "1/2-1/2"]
[BlackTitle "FM"]
[WhiteElo "2062"]
[BlackElo "2284"]
[WhiteFideId "403857"]
[BlackFideId "4200578"]
[EventDate "2011.01.25"]
[EventType "swiss"]

1. e4 c5 2. Nf3 Nc6 3. d4 cxd4 4. Nxd4 Nf6 5. Nc3 d6 6. Bc4 Qb6 7. Ndb5 a6 8.
Be3 Qa5 9. Nd4 e6 10. O-O Be7 11. Bb3 O-O 12. f4 Bd7 13. Qf3 Rac8 14. Kh1 b5 15.
a3 Qc7 16. f5 Nxd4 17. Bxd4 Qb7 18. fxe6 Bxe6 19. Qg3 Nh5 20. Qf3 Nf6 21. Qg3
Nh5 22. Qf3 1/2-1/2

[Event "Gibraltar Masters"]
[Site "Caleta ENG"]
[Date "2011.02.02"]
[Round "9.69"]
[White "Sanchez, Louis"]
[Black "Memarian, Milad"]
[Result "1-0"]
[WhiteTitle "FM"]
[WhiteElo "2262"]
[BlackElo "2028"]
[WhiteFideId "624225"]
[BlackFideId "12503193"]
[EventDate "2011.01.25"]
[EventType "swiss"]

1. b3 e5 2. Bb2 Nc6 3. e3 g6 4. f4 d6 5. Nf3 Bg7 6. Bc4 Nge7 7. O-O O-O 8. fxe5
Bg4 9. h3 Bxf3 10. Qxf3 d5 11. Bd3 Nxe5 12. Bxe5 Bxe5 13. Nc3 c6 14. a4 Qc7 15.
a5 b5 16. axb6 axb6 17. Rxa8 Rxa8 18. Qxf7+ Kh8 19. Ne2 Bg7 20. Nf4 Qe5 21. Ne6
Ng8 22. Qb7 Ra1 23. Nd8 Rxf1+ 24. Bxf1 Nh6 25. Nf7+ 1-0